| 000 -LEADER |
| fixed length control field |
04066cam a22005177i 4500 |
| 001 - CONTROL NUMBER |
| control field |
21868436 |
| 005 - DATE AND TIME OF LATEST TRANSACTION |
| control field |
20241112113245.0 |
| 008 - FIXED-LENGTH DATA ELEMENTS--GENERAL INFORMATION |
| fixed length control field |
210113s2019 stka b 001 0 eng c |
| 010 ## - LIBRARY OF CONGRESS CONTROL NUMBER |
| LC control number |
2020304854 |
| 015 ## - NATIONAL BIBLIOGRAPHY NUMBER |
| National bibliography number |
GBB955329 |
| Source |
bnb |
| 016 7# - NATIONAL BIBLIOGRAPHIC AGENCY CONTROL NUMBER |
| Record control number |
101754526 |
| Source |
DNLM |
| 016 7# - NATIONAL BIBLIOGRAPHIC AGENCY CONTROL NUMBER |
| Record control number |
019326241 |
| Source |
Uk |
| 020 ## - INTERNATIONAL STANDARD BOOK NUMBER |
| International Standard Book Number |
9780702075001 |
| Qualifying information |
(paperback) |
| 020 ## - INTERNATIONAL STANDARD BOOK NUMBER |
| International Standard Book Number |
0702075000 |
| Qualifying information |
(paperback) |
| 020 ## - INTERNATIONAL STANDARD BOOK NUMBER |
| Canceled/invalid ISBN |
9780702075346 (Mobipocket ebook) |
| 035 ## - SYSTEM CONTROL NUMBER |
| System control number |
(OCoLC)on1091648161 |
| 040 ## - CATALOGING SOURCE |
| Original cataloging agency |
NLM |
| Language of cataloging |
eng |
| Transcribing agency |
NLM |
| Description conventions |
rda |
| Modifying agency |
NSHSPK |
| 050 00 - LIBRARY OF CONGRESS CALL NUMBER |
| Classification number |
RD81 |
| Item number |
.T44 2019 |
| 060 00 - NATIONAL LIBRARY OF MEDICINE CALL NUMBER |
| Classification number |
2019 G-364 |
| 060 10 - NATIONAL LIBRARY OF MEDICINE CALL NUMBER |
| Classification number |
WO 200 |
| 082 ## - DEWEY DECIMAL CLASSIFICATION NUMBER |
| Classification number |
617.96 |
| Author Mark |
SMI |
| 245 00 - TITLE STATEMENT |
| Title |
Smith and Aitkenhead's textbook of anaesthesia / |
| Statement of responsibility, etc. |
edited by Jonathan Thompson, Iain Moppett, Matthew Wiles. |
| 246 30 - VARYING FORM OF TITLE |
| Title proper/short title |
Textbook of anaesthesia |
| 250 ## - EDITION STATEMENT |
| Edition statement |
Seventh edition. |
| 264 #1 - PRODUCTION, PUBLICATION, DISTRIBUTION, MANUFACTURE, AND COPYRIGHT NOTICE |
| Place of production, publication, distribution, manufacture |
Edinburgh : |
| Name of producer, publisher, distributor, manufacturer |
Elsevier, |
| Date of production, publication, distribution, manufacture, or copyright notice |
2019. |
| 300 ## - PHYSICAL DESCRIPTION |
| Extent |
xii, 948 pages |
| Other physical details |
illustrations ; |
| Dimensions |
24 cm |
| 336 ## - CONTENT TYPE |
| Content type term |
text |
| Source |
rdacontent |
| 337 ## - MEDIA TYPE |
| Media type term |
unmediated |
| Source |
rdamedia |
| 338 ## - CARRIER TYPE |
| Carrier type term |
volume |
| Source |
rdacarrier |
| 504 ## - BIBLIOGRAPHY, ETC. NOTE |
| Bibliography, etc. note |
Includes bibliographical references and index. |
| 505 1# - FORMATTED CONTENTS NOTE |
| Formatted contents note |
<br/>Section 1 Basic Sciences -- General principles of pharmacology -- Data, statistics and clinical trials -- Inhalational anaesthetics and medical gases -- Intravenous anaesthetics and sedatives -- Local anaesthetics -- Pain -- Nausea and vomiting -- Muscle function and neuromuscular blockade -- Cardiovascular system -- Respiratory system -- Renal system -- Fluid, electrolyte and acid–base balance -- Metabolism, the stress response and thermoregulation -- Blood, coagulation and transfusion -- Section 2 Physics and Apparatus -- Basic physics -- Equipment -- Clinical measurement and monitoring -- Section 3 Fundamentals of Anaesthesia & Perioperative Medicine -- Quality and safety -- Preoperative assessment -- Coexisting disease -- Consent and information -- The practical conduct of anaesthesia -- Airway management -- Pain management -- Local and regional anaesthesia -- Complications -- Management of critical incidents -- Resuscitation -- Postoperative care -- Section 4 Clinical Anaesthesia -- The high-risk surgical patient -- The older surgical patient -- The obese patient -- Paediatric anaesthesia -- Day surgery -- General, gynaecological and genitourinary surgery -- Orthopaedic surgery -- ENT, maxillofacial and dental surgery -- Ophthalmic surgery -- Vascular, endocrine and plastic surgery -- Neurosurgery -- Thoracic surgery -- Cardiac surgery -- Obstetric anaesthesia and analgesia -- Emergency and trauma surgery -- Anaesthesia in low and middle-income areas -- Anaesthesia outside the operating theatre -- Organ transplantation -- Intensive care medicine |
| 520 ## - SUMMARY, ETC. |
| Summary, etc. |
Smith and Aitkenhead's Textbook of Anaesthesia, edited by Jonathan Thompson, Iain Moppett, and Matthew Wiles, is a comprehensive guide on the principles and practice of anesthesia, designed for medical students, trainees, and practitioners. This textbook covers essential aspects of anesthesia, including pharmacology, physiology, techniques for various procedures, pain management, and perioperative care. Updated content reflects recent advances in the field, with an emphasis on patient safety, evidence-based practices, and innovations in anesthetic care. Its clear, structured approach makes complex topics accessible, offering essential knowledge for safe and effective anesthetic practice. |
| 650 #0 - SUBJECT ADDED ENTRY--TOPICAL TERM |
| Topical term or geographic name entry element |
Anesthesia |
| Form subdivision |
Textbooks. |
| 9 (RLIN) |
126891 |
| 650 12 - SUBJECT ADDED ENTRY--TOPICAL TERM |
| Topical term or geographic name entry element |
Anesthesia. |
| 9 (RLIN) |
126892 |
| 650 22 - SUBJECT ADDED ENTRY--TOPICAL TERM |
| Topical term or geographic name entry element |
Anesthetics. |
| 9 (RLIN) |
126893 |
| 650 #7 - SUBJECT ADDED ENTRY--TOPICAL TERM |
| Topical term or geographic name entry element |
Anesthesia. |
| Source of heading or term |
fast |
| Authority record control number or standard number |
(OCoLC)fst00808644 |
| 9 (RLIN) |
126892 |
| 655 #7 - INDEX TERM--GENRE/FORM |
| Genre/form data or focus term |
Textbooks. |
| Source of term |
fast |
| Authority record control number |
(OCoLC)fst01423863 |
| 700 1# - ADDED ENTRY--PERSONAL NAME |
| Personal name |
Thompson, Jonathan P., |
| Relator term |
editor. |
| 9 (RLIN) |
126894 |
| 700 1# - ADDED ENTRY--PERSONAL NAME |
| Personal name |
Moppett, Iain K., |
| Relator term |
editor. |
| 9 (RLIN) |
126895 |
| 700 1# - ADDED ENTRY--PERSONAL NAME |
| Personal name |
Wiles, Matt, |
| Relator term |
editor. |
| 9 (RLIN) |
126896 |
| 776 08 - ADDITIONAL PHYSICAL FORM ENTRY |
| Relationship information |
Ebook version : |
| International Standard Book Number |
9780702075346 |
| 906 ## - LOCAL DATA ELEMENT F, LDF (RLIN) |
| a |
7 |
| b |
cbc |
| c |
pccadap |
| d |
2 |
| e |
ncip |
| f |
20 |
| g |
y-gencatlg |
| 942 ## - ADDED ENTRY ELEMENTS (KOHA) |
| Source of classification or shelving scheme |
|
| Koha item type |
Book |